• 首页
  • 本馆介绍
  • 公告通知
  • 最新文献
  • 馆藏检索
  • 电子资源
  • 读者导购
  • 参考咨询
  • 我的图书馆
  • 登录
  • 详细信息显示
  • 放入我的书架
  • 预约/预借图书
  • 作者相关作品
  • 分类相关作品
  • 丛书相关作品
  • 出版社相关作品

书目信息

  • 表格格式
  • 工作单格式
  • 卡片格式
题名:
中国思想与宗教的奔流
    
 
作者: 小岛毅 著 ;何晓毅 译
分册:  
出版信息: 桂林   广西师范大学出版社  2014
页数: 384页
开本: 19cm
丛书名:
单 册:
中图分类: K244.07
科图分类:
主题词: 中国历史--研究--宋代 , 中国历史
电子资源:
ISBN: 978-7-5495-1149-5
000 01237nam0 2200289 450
001 012001003401
005 20140926114739.0
010    @a978-7-5495-1149-5@b精装@dCNY46.00
090    @aK244.07@bxdy
100    @a20140429d2014 em y0chiy50 ea
101 1  @achi@cjpn
102    @aCN@b450000
105    @aa z 000yy
106    @ar
200 1  @a中国思想与宗教的奔流@9zhong guo si xiang yu zong jiao de ben liu@e宋朝@f(日)小岛毅著@g何晓毅译
210    @a桂林@c广西师范大学出版社@d2014
215    @a384页@c图,照片@d19cm
300    @a理想国 讲谈社·中国的历史 07
305    @a日本讲坛社授权出版
330    @a本书共十章,大体上可以分为三个板块:开端的四章,依照历史的时序,概述了公元9世纪末到13世纪政治史的基本历程。继而进入本书最为核心的内容,以三章的篇幅,讨论这一时段中“思想与宗教的奔流”:作者分别从思想和宗教的变迁、士大夫群体和社会精神、科学和技术革新等角度阐释了“奔流”的意涵。接下来的两章,介绍两宋的文化潮流、普通民众的日常生活。第十章则讲述宋代历史的结束。
606 0  @a中国历史@x研究@z宋代
606 0  @a中国历史
690    @aK244.07@v5
701  0 @c(日)@a小岛毅@9xiao dao yi@f(1962~)@4著
702  0 @a何晓毅@9he xiao yi@f(1961~)@4译
801  0 @aCN@b上海新华@c20180901
905    @b1154343-7@dK244.07@e70@f5
    
    中国思想与宗教的奔流:宋朝/(日)小岛毅著/何晓毅译.-桂林:广西师范大学出版社,2014
    384页:图,照片;19cm
    理想国 讲谈社·中国的历史 07
    
    ISBN 978-7-5495-1149-5(精装):CNY46.00
    本书共十章,大体上可以分为三个板块:开端的四章,依照历史的时序,概述了公元9世纪末到13世纪政治史的基本历程。继而进入本书最为核心的内容,以三章的篇幅,讨论这一时段中“思想与宗教的奔流”:作者分别从思想和宗教的变迁、士大夫群体和社会精神、科学和技术革新等角度阐释了“奔流”的意涵。接下来的两章,介绍两宋的文化潮流、普通民众的日常生活。第十章则讲述宋代历史的结束。
●
相关链接 在E读中查询图书 在五车中查询图书 在当当中查询图书 在豆瓣中查询图书


正题名:中国思想与宗教的奔流     索取号:K244.07/70         预约/预借

序号 登录号 条形码 馆藏地/架位号 状态 备注
1 1154343   211543436   第二样本阅览室/ [索取号:K244.07/70] 在馆    
2 1154344   211543445   第二借阅区/ [索取号:K244.07/70] 在馆    
3 1154345   211543454   第二借阅区/ [索取号:K244.07/70] 在馆    
4 1154346   211543463   密集书库-史法系/ [索取号:K244.07/70] 在馆    
5 1154347   211543472   第二借阅区/ [索取号:K244.07/70] 在馆    
唐山师范学院图书馆 欢迎您!
大连网信软件有限公司© 版权所有